000
00311nam a2200133Ia 4500
008
190216s9999||||xx |||||||||||||| ||und||
100
_a
Narayanan C
245
0
_a
Economic History Of India
250
_a
1st Ed.
260
_b
Kerala Bhasha Institute
_c
1974
300
_a
620
650
_a
Economics
942
_c
BK
999
_c
9575
_d
9575